Pirobos: Trabajadores sexuales en el centro de Santafé de Bogotá (Record no. 22790)

MARC details
000 -LEADER
campo de control de longitud fija 00491nam a2200133Ia 4500
008 - DATOS DE LONGITUD FIJA--INFORMACIÓN GENERAL
campo de control de longitud fija 231129s1995||||xx |||||||||||||| ||spa||
040 ## - FUENTE DE CATALOGACIÓN
Lengua de catalogación spa
082 ## - NÚMERO DE LA CLASIFICACIÓN DECIMAL DEWEY
Número de clasificación 306.74 P671p
100 ## - ENTRADA PRINCIPAL--NOMBRE DE PERSONA
Nombre de persona Camara de Comercio de Bogotá
245 #0 - MENCIÓN DEL TÍTULO
Título Pirobos: Trabajadores sexuales en el centro de Santafé de Bogotá
260 ## - PUBLICACIÓN, DISTRIBUCIÓN, ETC.
Fecha de publicación, distribución, etc. 1995
264 ## - PRODUCCIÓN, PUBLICACIÓN, DISTRIBUCIÓN, FABRICACIÓN Y COPYRIGHT
Producción, publicación, distribución, fabricación y copyright Bogotá Colombia : Corporación para el Desarrollo Integral de Bogotá y Cundinamarca; Cámara de Comercio de Bogotá. Depto de Publicaciones
942 ## - ELEMENTOS DE ENTRADA SECUNDARIOS (KOHA)
Fuente del sistema de clasificación o colocación Clasificación Decimal Dewey
Tipo de ítem Koha
Holdings
Estatus retirado Estado de pérdida Fuente del sistema de clasificación o colocación Estado de daño No para préstamo Biblioteca de origen Biblioteca actual Fecha de adquisición Total de préstamos Signatura topográfica completa Código de barras Visto por última vez Copia número Precio de reemplazo Tipo de ítem Koha
    Clasificación Decimal Dewey     BIBLIOTECA PÚBLICA MUNICIPAL RAMON CORREA MEJIA BIBLIOTECA PÚBLICA MUNICIPAL RAMON CORREA MEJIA 06/06/2018   306.74 P671p 40938 29/11/2023 1 29/11/2023 Libros

Powered by Koha